LEADER 02747nam 2200601 a 450 001 9910786210503321 005 20230801230601.0 010 $a0-8389-9489-X 035 $a(CKB)2670000000345939 035 $a(EBL)1158436 035 $a(SSID)ssj0000889808 035 $a(PQKBManifestationID)11482825 035 $a(PQKBTitleCode)TC0000889808 035 $a(PQKBWorkID)10882559 035 $a(PQKB)11403998 035 $a(OCoLC)867920771 035 $a(MiAaPQ)EBC1158436 035 $a(Au-PeEL)EBL1158436 035 $a(CaPaEBR)ebr10751703 035 $a(OCoLC)845252387 035 $a(EXLCZ)992670000000345939 100 $a20130911d2012 uy 0 101 0 $aeng 135 $aur|n|---||||| 181 $ctxt 182 $cc 183 $acr 200 10$aFundamentals of reference$b[electronic resource]$fCarolyn M. Mulac 210 $aChicago, Ill. $cAmerican Library Association$dc2012 215 $a1 online resource (146 p.) 225 0$aALA fundamentals series 300 $aDescription based upon print version of record. 311 $a0-8389-1087-4 320 $aIncludes bibliographical references and index. 327 $aContents; Acknowledgments; Introduction; Part 1: Reference Sources; Chapter 1: Encyclopedias; Chapter 2: Websites; Chapter 3: Dictionaries; Chapter 4: Almanacs, Handbooks, and Yearbooks; Chapter 5: Indexes; Chapter 6: Directories; Chapter 7: Geographical Sources; Chapter 8: Biographical Sources; Chapter 9: Statistical Sources; Part 2: Reference Services; Chapter 10: The Reference Interview; Chapter 11: Reference Service in Person; Chapter 12: Telephone Reference Service; Chapter 13: Online Reference Service; Chapter 14: Reference Service to Children and Young Adults 327 $aChapter 15: Reference Service in Special SubjectsChapter 16: Reference Policies; Chapter 17: Reference Standards; Chapter 18: Reference Evaluation; Appendix: ALA Documents; Bibliography; List of Reference Sources Discussed in Part 1; Index 330 $aAn excellent training tool for both new and experienced staff, Fundamentals of Reference will quickly become your fundamental reference! 410 0$aALA Fundamentals Series 606 $aReference services (Libraries)$zUnited States 606 $aReference sources$vBibliography 606 $aInternet in library reference services 615 0$aReference services (Libraries) 615 0$aReference sources 615 0$aInternet in library reference services. 676 $a025.5/20973 700 $aMulac$b Carolyn$01533582 801 0$bMiAaPQ 801 1$bMiAaPQ 801 2$bMiAaPQ 906 $aBOOK 912 $a9910786210503321 996 $aFundamentals of reference$93780650 997 $aUNINA LEADER 02754oam 2200625I 450 001 996197562703316 005 20240405062044.0 010 $a1-134-99802-3 010 $a1-134-99803-1 010 $a1-280-32768-5 010 $a0-203-16173-4 024 7 $a10.4324/9780203161739 035 $a(CKB)111056485245242 035 $a(EBL)179636 035 $a(OCoLC)437082224 035 $a(SSID)ssj0000177710 035 $a(PQKBManifestationID)11922940 035 $a(PQKBTitleCode)TC0000177710 035 $a(PQKBWorkID)10218734 035 $a(PQKB)10544752 035 $a(MiAaPQ)EBC179636 035 $a(Au-PeEL)EBL179636 035 $a(CaPaEBR)ebr10060900 035 $a(CaONFJC)MIL32768 035 $a(OCoLC)252792060 035 $a(EXLCZ)99111056485245242 100 $a20180331d1990 uy 0 101 0 $aeng 135 $aur|n|---||||| 181 $ctxt 182 $cc 183 $acr 200 10$aIn praise of sociology /$fGordon Marshall 205 $a1st ed. 210 1$aLondon ;$aBoston :$cUnwin Hyman,$d1990. 215 $a1 online resource (275 p.) 300 $aDescription based upon print version of record. 311 $a0-415-75493-3 311 $a0-04-445687-5 320 $aIncludes bibliographical references and index. 327 $aBook Cover; Title; Contents; Acknowledgements page; The theme; Social class and social mobility; Education and culture; Poverty in an affluent society; Managing the new technology; Workers and their wages; Race and housing in the inner city; The rise and fall of the mods; Sociologists and scientologists; On the social origins of clinical depression; Families and social networks; A conclusion; Further reading; Index 330 $aIn this lively and entertaining book, Gordon Marshall explores ten classic studies of British society to demonstrate the valuable qualities of British sociology, and its importance for understanding contemporary society. In each case he provides a precis of the research undertaken, assuming no prior knowledge on the part of the reader, a series of points that can be made in praise or criticism of the research, and an assessment of the sociological contribution made by the researchers. The ten studies chosen are: Goldthorpe on social mobility, Townsend on poverty, Rex and Moore on rac 606 $aSociology$zGreat Britain$xHistory$y20th century 606 $aSocial sciences$zGreat Britain 615 0$aSociology$xHistory 615 0$aSocial sciences 676 $a301/.0941 700 $aMarshall$b Gordon.$0142760 801 0$bMiAaPQ 801 1$bMiAaPQ 801 2$bMiAaPQ 906 $aBOOK 912 $a996197562703316 996 $aIn praise of sociology$92191045 997 $aUNISA